书目信息 |
| 题名: |
电气造价员考试题库
|
|
| 作者: | 孙卉 主编 | |
| 分册: | ||
| 出版信息: | 武汉 华中科技大学出版社 2010.01 |
|
| 页数: | 168页 | |
| 开本: | 26cm | |
| 丛书名: | 住房和城乡建设领域职业培训 | |
| 单 册: | ||
| 中图分类: | TU723.3 | |
| 科图分类: | ||
| 主题词: | 电气设备--dian qi she bei--建筑安装工程--工程造价 | |
| 电子资源: | ||
| ISBN: | 978-7-5609-5786-9 | |
| 000 | 00975nam 2200253 450 | |
| 001 | 012010006974 | |
| 005 | 20101118155124.89 | |
| 010 | @a978-7-5609-5786-9@dCNY22.00 | |
| 100 | @a20101118d2010 em y0chiy0120 ea | |
| 101 | 0 | @achi |
| 102 | @aCN@b420000 | |
| 105 | @aak z 000yy | |
| 106 | @ar | |
| 200 | 1 | @a电气造价员考试题库@Adian qi zao jia yuan kao shi ti ku@f孙卉主编@Fsun hui zhu bian |
| 210 | @a武汉@c华中科技大学出版社@d2010.01 | |
| 215 | @a168页@c图@d26cm | |
| 225 | 2 | @a住房和城乡建设领域职业培训@Azhu fang he cheng xiang jian she ling yu zhi ye pei xun |
| 330 | @a本书是依据施工企业特点、针对电气造价员实际工作编写而成的,详细阐述了电气造价员的工作职责与专业技术知识。本书内容全面,具有实践性、针对性和实用性。 | |
| 410 | 0 | @12001 @a住房和城乡建设领域职业培训 |
| 606 | 0 | @a电气设备@Adian qi she bei@x建筑安装工程@x工程造价 |
| 690 | @aTU723.3@v4 | |
| 701 | 0 | @a孙卉@Asun hui@4主编 |
| 801 | 0 | @aCN@bQSSK@c20101118 |
| 905 | @b788804-06@dTU723.3@eS923@f3 | |
| 电气造价员考试题库/孙卉主编.-武汉:华中科技大学出版社,2010.01 |
| 168页:图;26cm.-(住房和城乡建设领域职业培训) |
| ISBN 978-7-5609-5786-9:CNY22.00 |
| 本书是依据施工企业特点、针对电气造价员实际工作编写而成的,详细阐述了电气造价员的工作职责与专业技术知识。本书内容全面,具有实践性、针对性和实用性。 |
| ● |
| 相关链接 |
|
|
|
正题名:电气造价员考试题库
索取号:TU723.3/S923
 
预约/预借
| 序号 | 登录号 | 条形码 | 馆藏地/架位号 | 状态 | 备注 |
| 1 | 788804 | 207888044 | 建筑库201/201建筑库 37排1列3层/ [索取号:TU723.3/S923] | 在馆 | |
| 2 | 788805 | 207888053 | 建筑库201/201建筑库 37排1列3层/ [索取号:TU723.3/S923] | 在馆 | |
| 3 | 788806 | 207888062 | 建筑库201/201建筑库 37排1列3层/ [索取号:TU723.3/S923] | 在馆 |